A Kreĭn space approach to representation theorems and generalized Friedrichs extensions

Elmentve itt :
Bibliográfiai részletek
Szerzők: Fleige Andreas
Hassi Seppo
Snoo Hendrik Simon Victor de
Dokumentumtípus: Cikk
Megjelent: 2000
Sorozat:Acta scientiarum mathematicarum 66 No. 3-4
Kulcsszavak:Matematika
Online Access:http://acta.bibl.u-szeged.hu/15829
LEADER 00743nab a2200205 i 4500
001 acta15829
005 20210326133045.0
008 161015s2000 hu o 0|| eng d
022 |a 0001-6969 
040 |a SZTE Egyetemi Kiadványok Repozitórium  |b hun 
041 |a eng 
100 1 |a Fleige Andreas 
245 1 2 |a A Kreĭn space approach to representation theorems and generalized Friedrichs extensions  |h [elektronikus dokumentum] /  |c  Fleige Andreas 
260 |c 2000 
300 |a 633-650 
490 0 |a Acta scientiarum mathematicarum  |v 66 No. 3-4 
695 |a Matematika 
700 0 1 |a Hassi Seppo  |e aut 
700 0 1 |a Snoo Hendrik Simon Victor de  |e aut 
856 4 0 |u http://acta.bibl.u-szeged.hu/15829/1/math_066_numb_003_004_633-650.pdf  |z Dokumentum-elérés